LDR 00982naa#a2200217#i#450# 001 RU\\bibl\120071 005 20260603084220.3 011 ## _a2500-4026 100 ## _a20211231b2021####ek#y0rusy0150####ca 101 0# _aRUS 102 ## _aRU 200 1# _aК ВОПРОСУ О ВЫЯВЛЕНИИ ТЕНДЕНЦИЙ И ЗАКОНОМЕРНОСТЕЙ ГИБЕЛИ И ТРАВМАТИЗМА НЕСОВЕРШЕННОЛЕТНИХ НА ПОЖАРАХ _eЖурнальная статья 210 1# _aЖелезногорск _cФГБОУ ВО Сибирская пожарно-спасательная академия ГПС МЧС России _d2021 215 ## _a4 с. 608 ## _aЖурнальная статья _2local 675 ## _aПожарная охрана. Опасность пожара. Пожары. 614.84 _zRUS 700 #1 _aИскалин _gВ И 700 #1 _aДомрачев _gК В 700 #1 _aТуз _gН В 700 #1 _aКлочков _gП В 856 4# _avestnik-sibpsa.editorum.ru _u